000 01100naa a22003257a 4500
001 BR7805053
003 BR-BrBNA
005 20240918174156.0
007 ta
008 230509b bl.||||| |||| 00| 0 por d
040 _aBR-BrBNA
_bpor
_cBiblioteca Nacional de Agricultura
041 _a(Pt)
072 _aF00
_b0810
_bG514
090 _aF00 BR7805053
100 1 _aPadua, J.G. de
100 1 _aFontes, P.C.R.
245 1 _aEstudo da epoca de plantio para melao (Cucumis melo L.)na regiao Norte de Minas Gerais [Producao vegetal; Brasil]
260 3 _aBelo Horizonte, MG (Brasil):
_c1978.
500 _aProjeto olericultura. Relatorio 76/77 Belo Horizonte, MG (Brasil): 1978. p. 213-215 (BR7805053-AM)F00
650 _aProducao vegetal
650 _aMelao
650 _aDensidade de plantio
650 _aEspacamento
650 _aPratica cultural
650 _aPlantio
650 _aMinas Gerais
773 0 _tProjeto olericultura. Relatorio 76/77
_wF00 BR7805053
_gBelo Horizonte, MG (Brasil), 1978. p. 213-215
909 _a202404
_bLucia
_c55
_dLucia Elande
942 _cAM
_2AGRIS
999 _c309388
_d309388